|
|
|
|
| LEADER |
00000cam a2200000 7i4500 |
| 001 |
0000012723 |
| 005 |
20160330.0 |
| 008 |
071231 |
| 020 |
|
|
|a 9833603432
|
| 090 |
0 |
0 |
|a 297.3822
|b MOH
|
| 100 |
0 |
|
|a Mohd Zawawi Yusoh
|
| 245 |
1 |
0 |
|a Kamceng dengan solat
|c Mohd Zawawi Yusoh, Siti Hasnah Hamzah
|
| 260 |
|
|
|a Pahang :
|b PTS Millennia ,
|c 2006
|
| 440 |
|
|
|a Siri bina diri
|
| 500 |
|
|
|a Teenager ages 13-18 years old (blue)
|
| 650 |
|
0 |
|a Islam
|x Custom and practices
|
| 650 |
|
0 |
|a Malay fiction
|
| 650 |
|
0 |
|a Prayer
|x Islam
|
| 650 |
|
0 |
|a Teenagers
|x Life skills guides
|
| 700 |
0 |
|
|a Siti Hasnah Hamzah
|
| 999 |
|
|
|a 0000919275
|b Book
|c Adult Collection
|e Cawangan Bukit Gambir
|
| 999 |
|
|
|a 0000934301
|b Book
|c Adult Collection
|e Cawangan Tangkak
|
| 999 |
|
|
|a 0001009606
|b Book
|c Adult Collection
|e Perbadanan Perpustakaan Awam Johor
|
| 999 |
|
|
|a 0001009607
|b Book
|c Adult Collection
|e Perbadanan Perpustakaan Awam Johor
|
| 999 |
|
|
|a 0001009608
|b Book
|c Adult Collection
|e Perbadanan Perpustakaan Awam Johor
|
| 999 |
|
|
|a 0001009609
|b Book
|c Adult Collection
|e Perbadanan Perpustakaan Awam Johor
|